| 000 | 00593nam a22001337a 4500 | ||
|---|---|---|---|
| 040 | _cRUA | ||
| 082 | _aAGR MIL 2015 B556 Or.1 | ||
| 100 | _aMIL NAMOL; ម៉ឹល ណាម៉ល់ | ||
| 245 | _aComparison of different rates of scaro fertilizer on lettuce at leaf green farm; ការប្រៀបធៀបជីស្ការ៉ូកម្រិតខុសគ្នាទៅលើដំណាំសាលាដនៅកសិដ្ឋាន ស្លឹកបៃតង | ||
| 260 |
_aPhnom Penh _bRUA _c2015 |
||
| 300 |
_axi; 58p; _bill; _c29cm; |
||
| 856 | _u MIL NAMOL | ||
| 942 | _cAGR | ||
| 999 |
_c11588 _d11588 |
||